II WŚ - prawda czy fałsz? - Statystyki

Ogólne statystyki
  • Ten quiz został rozwiązany 3 962 razy
    3 961 od ostatniego zresetowania
  • Średni wynik to 12 z 15
Statystyki odpowiedzi
Zagadnienie Odpowiedź % Poprawnych
Podczas IIWŚ zginęło więcej niż podczas IWŚ Prawda
96%
ZSRR i Nazistowskie Niemcy napadły na Polske w 1939 r. Prawda
93%
Nazistowskie Niemcy najechały i okupywały Szwajcarię Fałsz
92%
Hitler zginął w wyniku działań zbrojnych Fałsz
92%
Próbowano zamordować Hitlera bombą w walizce Prawda
89%
Nazistowskie Niemcy okupowały Moskwę Fałsz
88%
Joseph Goebbels był ministrem propagandy nazistowskiego rządu Prawda
88%
Głównymi potęgami Osi byli Japonia, Hiszpania i nazistowskie Niemcy Fałsz
86%
Cesarz Japonii Hirohito został powieszony po wojnie Fałsz
82%
Chiny walczyły podczas II WŚ Prawda
77%
Inwazja aliantów na Normandię w 1944 r. jest znana jako "Operacja Overlord”. Prawda
70%
Albert Einstein spędził większość wojny w Nowym Meksyku, pracując nad bombą atomową Fałsz
62%
Akcja filmu "Casablanca” rozgrywała się podczas II WŚ Prawda
61%
Bitwa o Iwo Jimę jest uznawana za "punkt zwrotny” na Pacyfiku Fałsz
58%
Podczas ataku na Pearl Harbor Japończycy zniszczyli co najmniej 10 lotniskowców Fałsz
58%
Nie znaleziono quizów pasujących do podanych kryteriów
Rozkład punktacji
Procent ludzi z każdym wynikiem
Percentyl według liczby udzielonych odpowiedzi
Twoja historia wyników
Nie rozwiązałeś tego quizu od ostatniego zresetowania